Statistics for Lufthansa Destinations-Frankfurt

Click here to take the quiz!

General Stats

  • This quiz has been taken 118 times
  • The average score is 123 of 181

Answer Stats

Country Airport % Correct
GermanyMunich
93%
UKLondon (Heathrow)
93%
UKLondon (City)
93%
FranceParis ( CDG)
92%
AustriaVienna
92%
SpainMadrid
92%
GermanyBerlin ( Tegel )
92%
ItalyMilan (Malpensa)
90%
ItalyMilan ( Linate)
90%
NorwayOslo
90%
IrelandDublin
90%
PortugalLisbon
90%
SwitzerlandGeneva
90%
ThailandBangkok
90%
TurkeyIstanbul
90%
ItalyRome
90%
CanadaToronto
90%
ArgentinaBuenos Aires
90%
ChinaBeijing
90%
NetherlandsAmsterdam
89%
PolandWarsaw
89%
HungaryBudapest
89%
Hong KongHong Kong
89%
RussiaMoscow ( Domodedovo)
89%
SwitzerlandZurich
89%
SpainBarcelona
89%
UKManchester
89%
SwedenStockholm
89%
SingaporeSingapore
89%
JapanTokyo
89%
BrazilSao Paulo
88%
UkraineKiev
88%
BrazilRio de Janeiro
88%
USALos Angeles
88%
FinlandHelsinki
88%
UAEDubai
88%
IndiaMumbai
88%
USANew York
88%
South AfricaJohannesburg
87%
DenmarkCopenhagen
87%
CanadaVancouver
87%
MexicoMexico City
87%
BelgiumBrussels
87%
USASan Francisco
87%
IndiaDelhi
87%
USAMiami
86%
IsraelTel Aviv
86%
LuxembourgLuxembourg
86%
KenyaNairobi
86%
ChinaShanghai
86%
CroatiaZagreb
86%
EgyptCairo
86%
South KoreaSeoul
84%
ItalyVenice
84%
PanamaPanama City
83%
USAChicago
83%
KuwaitKuwait City
83%
CzechiaPrague
83%
GermanyHamburg
83%
South AfricaCape Town
83%
GermanyDüsseldorf
83%
FranceNice
83%
GreeceAthens
82%
PortugalPorto
82%
TunisiaTunis
82%
RussiaSt Petersburg
81%
IcelandReykjavik
81%
UKGlasgow
81%
IranTehran
81%
BulgariaSofia
81%
UKEdinburgh
81%
AzerbaijanBaku
80%
USABoston
80%
EthiopiaAddis-Ababa
80%
AlgeriaAlgiers
80%
USADallas
80%
BelarusMinsk
80%
JapanOsaka
80%
USAHouston
78%
ItalyNaples
78%
FranceMarseille
78%
AlbaniaTirana
77%
USAWashington
77%
AngolaLuanda
77%
ColombiaBogota
77%
USASeattle
76%
Saudi ArabiaRiyadh
76%
MoroccoCasablanca
75%
EstoniaTallinn
75%
SerbiaBelgrade
75%
USADenver
73%
KazakhstanAstana
73%
LatviaRiga
72%
LebanonBeirut
72%
LithuaniaVilnius
72%
PolandKrakow
72%
FranceLyon
72%
JordanAmman
72%
RomaniaBucharest
72%
ItalyTurin
71%
SwedenGothenburg
71%
UKBirmingham
71%
NigeriaLagos
71%
GermanyStuttgart
71%
USAAtlanta
71%
FranceToulouse
70%
Costa RicaSan Jose
69%
USADetroit
69%
IndiaBangalore
69%
CroatiaSplit
69%
MaldivesMale
69%
SpainValencia
69%
SpainMalaga
67%
MexicoCancun
67%
USAOrlando
67%
ItalyFlorence
66%
SpainSeville
66%
CroatiaDubrovnik
65%
SwitzerlandBasel
65%
USAPhiladelphia
65%
NigeriaAbuja
65%
Saudi ArabiaJeddah
64%
FranceBordeaux
64%
GermanyHannover
64%
MoldovaChisinau
64%
BahrainBahrain
63%
SpainPalma
63%
KazakhstanAlmaty
61%
SpainBilbao
59%
MoroccoMarrakech
59%
GreeceThessaloniki
58%
MaltaLuqa Malta
57%
IndiaChennai
57%
GermanyDresden
57%
PolandGdansk
55%
SpainAlicante
55%
ItalyBari
54%
USASan Diego
54%
GermanyBremen
54%
GermanyLeipzig
54%
MauritiusPort Louis
53%
ItalyBologna
53%
ItalyGenoa
52%
JapanNagoya
52%
PortugalFaro
51%
USANewark
49%
TurkmenistanAshgabat
48%
CyprusLarnaca
47%
AustriaLinz
46%
USATampa
45%
PolandWroclaw
43%
RomaniaCluj-Napoca
42%
FranceStrasbourg
41%
ItalyCatania
41%
Saudi ArabiaDammam
40%
PortugalFunchal
39%
Equatorial GuineaMalabo
37%
PolandKatowice
37%
DenmarkBillund
36%
GermanyNurnberg
36%
NorwayTromso
34%
IraqErbil
33%
ChinaNanjing
31%
PolandPoznan
30%
ChinaQingdao
29%
NigeriaPort Harcourt
29%
MoroccoAgadir
29%
GermanyMunster
27%
RomaniaTimisoara
27%
ChinaShenyang
25%
SpainSantiago
22%
ItalyOlbia
22%
ItalyTrieste
20%
GermanyPaderborn
17%
GermanyFriedrichshafen
16%
PolandBydgoszcz
16%
SpainPamplona
13%
FinlandIvalo
10%
IsraelOvda
8%
FinlandKuusamo
6%
ItalyPaiermo
1%

Score Distribution

Percentile by Number Answered

Percent of People with Each Score

Your Score History

You have not taken this quiz